General view over neverfail heartbeat solution [absztrakt] /

Elmentve itt :
Bibliográfiai részletek
Szerző: Oprean Nicolae- Aurelian
Testületi szerző: Challenges for Analysis of the Economy, the Businesses, and Social Progress International Scientific Conference
Dokumentumtípus: Könyv része
Megjelent: Universitas Szeged Press Szeged 2009
Sorozat:Challenges for Analysis of the Economy, the Businesses, and Social Progress : abstract book
Kulcsszavak:Információs technológia - előadáskivonat, Számítástechnika - előadáskivonat, Adatvédelem - előadáskivonat
Tárgyszavak:
Online Access:http://acta.bibl.u-szeged.hu/77065
LEADER 01112naa a2200217 i 4500
001 acta77065
005 20221115130832.0
008 221115s2009 hu o 1|| eng d
020 |a 978-963-88468-3-9 
040 |a SZTE Egyetemi Kiadványok Repozitórium  |b hun 
041 |a eng 
100 1 |a Oprean Nicolae- Aurelian 
245 1 0 |a General view over neverfail heartbeat solution   |h [elektronikus dokumentum] :  |b [absztrakt] /  |c  Oprean Nicolae- Aurelian 
260 |a Universitas Szeged Press  |b Szeged  |c 2009 
300 |a 23 
490 0 |a Challenges for Analysis of the Economy, the Businesses, and Social Progress : abstract book 
650 4 |a Természettudományok 
650 4 |a Számítás- és információtudomány 
695 |a Információs technológia - előadáskivonat, Számítástechnika - előadáskivonat, Adatvédelem - előadáskivonat 
711 |a Challenges for Analysis of the Economy, the Businesses, and Social Progress International Scientific Conference  |c Szeged  |d 2009. november 19-21. 
856 4 0 |u http://acta.bibl.u-szeged.hu/77065/1/challenges_for_analysis_of_the_economy_023.pdf  |z Dokumentum-elérés